[Event "Obert Figueres Miquel Mas 2010"]
[Site "Figueres ESP"]
[Date "2010.08.11"]
[Round "1.35"]
[White "Diaz Munoz, Sergi"]
[Black "Regincos Oliva, Laura"]
[Result "1-0"]
[WhiteElo "2005"]
[BlackElo "1337"]
[PlyCount "59"]
[EventDate "2011.08.11"]
[EventType "swiss"]
[EventRounds "9"]
[EventCountry "ESP"]
[Source "lmi"]
[SourceDate "2010.08.11"]

1. e4 c5 2. Nf3 e6 3. d4 cxd4 4. Nxd4 a6 5. Bd3 b5 6. O-O Bc5 7. Nb3 Ba7 8. Qg4
g6 9. Bg5 Qc7 10. Be3 Bxe3 11. fxe3 Nc6 12. N1d2 Ne5 13. Qf4 d6 14. Nf3 Nxd3
15. cxd3 e5 16. Qh4 Be6 17. Rac1 Qa7 18. d4 a5 19. d5 Bd7 20. Ng5 Qxe3+ 21. Kh1
Ne7 22. Rce1 Qb6 23. Rxf7 h5 24. Rxe7+ Kxe7 25. Ne6+ Ke8 26. Qf6 Rg8 27. Rf1
Bxe6 28. Qxe6+ Kd8 29. Qxg8+ Kc7 30. Rf7# 1-0

[Event "Obert Figueres Miquel Mas 2010"]
[Site "Figueres ESP"]
[Date "2010.08.11"]
[Round "1.36"]
[White "Criado Toledo, Llorens"]
[Black "Mogro Flores, Simon"]
[Result "1-0"]
[WhiteElo "2030"]
[BlackElo "2004"]
[PlyCount "71"]
[EventDate "2011.08.11"]
[EventType "swiss"]
[EventRounds "9"]
[EventCountry "ESP"]
[Source "lmi"]
[SourceDate "2010.08.11"]

1. e4 c6 2. c4 d5 3. cxd5 cxd5 4. exd5 Nf6 5. Nc3 Nxd5 6. Nxd5 Qxd5 7. d4 Nc6
8. Nf3 Bg4 9. Be2 e6 10. O-O Rd8 11. Be3 Be7 12. Qa4 O-O 13. Rfd1 a6 14. Rac1
Bf6 15. a3 h6 16. h3 Bh5 17. Rc5 Bxf3 18. Rxd5 Bxd5 19. b4 Ra8 20. Qc2 Rfc8 21.
Qd2 Ne7 22. Bd3 Rc6 23. Rc1 Rxc1+ 24. Qxc1 Rc8 25. Qd2 Rd8 26. Bb1 Bc6 27. Bc2
Nf5 28. Bxf5 exf5 29. Qd3 Be4 30. Qc4 f4 31. Bxf4 Rxd4 32. Qc8+ Kh7 33. Qc7 Bd5
34. Be5 Rd1+ 35. Kh2 Bh4 36. Qc2+ 1-0

[Event "Obert Figueres Miquel Mas 2010"]
[Site "Figueres ESP"]
[Date "2010.08.11"]
[Round "1.38"]
[White "Cantenys Pages, Carles"]
[Black "Lazaro Porta, Angel"]
[Result "0-1"]
[WhiteElo "1490"]
[BlackElo "1974"]
[PlyCount "92"]
[EventDate "2011.08.11"]
[EventType "swiss"]
[EventRounds "9"]
[EventCountry "ESP"]
[Source "lmi"]
[SourceDate "2010.08.11"]

1. e4 e5 2. Nf3 Nf6 3. d3 d5 4. exd5 Qxd5 5. Be2 Bc5 6. O-O Bb4 7. c4 Qa5 8. a3
O-O 9. Nxe5 Qxe5 10. axb4 Nc6 11. b5 Nd4 12. Nc3 Re8 13. Be3 Nf5 14. Bd2 Nd4
15. Re1 Bf5 16. Be3 Red8 17. Bxd4 Qxd4 18. Bf3 Rab8 19. Qb3 Bxd3 20. Be2 Ng4
21. Bxg4 Qxg4 22. Qb4 Qxc4 23. Qxc4 Bxc4 24. Rxa7 Kf8 25. h3 Rd2 26. Re4 Be6
27. Re2 Rxe2 28. Nxe2 Ke7 29. f3 Kd6 30. Kf2 Kc5 31. Nc3 Bc4 32. Ra5 b6 33.
Ne4+ Kb4 34. Ra7 Rc8 35. Nc3 Kc5 36. Ke3 Bxb5 37. Ne4+ Kc6 38. Ng5 f6 39. Ne4
Re8 40. Kd4 Bf1 41. Nd2 Bxg2 42. h4 Bh3 43. b4 Re5 44. Kc4 Be6+ 45. Kc3 Rh5 46.
Nb3 Bxb3 0-1

[Event "Obert Figueres Miquel Mas 2010"]
[Site "Figueres ESP"]
[Date "2010.08.11"]
[Round "1.39"]
[White "Balague Camps, Marc"]
[Black "Sanchez Urpi, Xavier"]
[Result "1-0"]
[WhiteElo "1964"]
[BlackElo "1370"]
[PlyCount "23"]
[EventDate "2011.08.11"]
[EventType "swiss"]
[EventRounds "9"]
[EventCountry "ESP"]
[Source "lmi"]
[SourceDate "2010.08.11"]

1. c4 e5 2. Nc3 Nf6 3. Nf3 Nc6 4. e3 Bb4 5. Qc2 O-O 6. Nd5 Be7 7. a3 a5 8. Be2
d6 9. O-O Be6 10. Ng5 Bxd5 11. cxd5 Nxd5 12. Qxh7# 1-0

[Event "Obert Figueres Miquel Mas 2010"]
[Site "Figueres ESP"]
[Date "2010.08.12"]
[Round "2.1"]
[White "Corrales Jimenez, Fidel"]
[Black "Alberto, Manuel"]
[Result "1-0"]
[WhiteElo "2574"]
[BlackElo "2140"]
[PlyCount "97"]
[EventDate "2011.08.11"]
[EventType "swiss"]
[EventRounds "9"]
[EventCountry "ESP"]
[Source "lmi"]
[SourceDate "2010.08.11"]

1. e4 c5 2. Nf3 d6 3. d4 cxd4 4. Nxd4 Nf6 5. f3 a6 6. c4 g6 7. Nc3 Bg7 8. Be3
Nc6 9. Qd2 Bd7 10. Rc1 Rc8 11. Be2 O-O 12. O-O Nxd4 13. Bxd4 Qa5 14. a3 Be6 15.
b4 Qh5 16. Nd5 Nxd5 17. exd5 Bd7 18. Rfe1 Qh4 19. Bxg7 Kxg7 20. Bf1 Rfe8 21.
Re4 Qh6 22. Qd4+ Kg8 23. Rce1 e6 24. dxe6 Bxe6 25. Qxd6 Red8 26. Qe7 Rd7 27.
Qf6 Qd2 28. c5 Rf8 29. h4 Bf5 30. R4e3 Qd4 31. Qxd4 Rxd4 32. Re7 Rb8 33. Rc7
Be6 34. Re4 Rd1 35. Kf2 Ra1 36. Bc4 Bxc4 37. Rxc4 Rxa3 38. Rf4 f5 39. Rd4 a5
40. bxa5 Rxa5 41. Rdd7 Ra2+ 42. Kg3 f4+ 43. Kh2 Rc2 44. Rg7+ Kh8 45. Rxh7+ Kg8
46. Rhg7+ Kh8 47. Rxg6 Re8 48. Rxb7 Rxc5 49. Rf7 1-0

[Event "Obert Figueres Miquel Mas 2010"]
[Site "Figueres ESP"]
[Date "2010.08.12"]
[Round "2.2"]
[White "Gomez, Gustavo Pizzocaro"]
[Black "Aroshidze, Levan"]
[Result "1-0"]
[WhiteElo "2142"]
[BlackElo "2548"]
[PlyCount "95"]
[EventDate "2011.08.11"]
[EventType "swiss"]
[EventRounds "9"]
[EventCountry "ESP"]
[Source "lmi"]
[SourceDate "2010.08.11"]

1. d4 Nf6 2. Nf3 e6 3. c4 c5 4. d5 exd5 5. cxd5 d6 6. Nc3 g6 7. g3 Bg7 8. Bg2
O-O 9. O-O Re8 10. a4 a6 11. Bf4 Nh5 12. Bg5 f6 13. Bd2 f5 14. Re1 Nf6 15. Ng5
h6 16. Ne6 Bxe6 17. dxe6 Nc6 18. e4 Rxe6 19. exf5 Rxe1+ 20. Qxe1 gxf5 21. Qe6+
Kh8 22. Bf4 Nd4 23. Qxd6 Qxd6 24. Bxd6 Rd8 25. Bc7 Re8 26. Rd1 b5 27. a5 Ng4
28. h3 Ne5 29. Nd5 Nef3+ 30. Bxf3 Nxf3+ 31. Kg2 Ng5 32. Nf4 Bxb2 33. Rd6 Nf7
34. Rxa6 Bc3 35. Nd5 Bd4 36. Nf4 c4 37. Rc6 c3 38. Bb6 Bxb6 39. axb6 Rb8 40.
Nd5 Ne5 41. Rxc3 Nc4 42. Rb3 Nd6 43. Re3 Kg7 44. Re7+ Nf7 45. Re6 Ng5 46. Rc6
Ne4 47. Rc7+ Kg6 48. b7 1-0

[Event "Obert Figueres Miquel Mas 2010"]
[Site "Figueres ESP"]
[Date "2010.08.12"]
[Round "2.4"]
[White "Gonzalez Manchon, Juan Miguel"]
[Black "Martinez Duany, Lelys Stanley"]
[Result "0-1"]
[WhiteElo "2110"]
[BlackElo "2510"]
[PlyCount "74"]
[EventDate "2011.08.11"]
[EventType "swiss"]
[EventRounds "9"]
[EventCountry "ESP"]
[Source "lmi"]
[SourceDate "2010.08.11"]

1. d4 Nf6 2. c4 d6 3. Nc3 Nbd7 4. g3 e5 5. Bg2 c6 6. Nf3 Be7 7. O-O O-O 8. Qc2
Qa5 9. Bd2 Qa6 10. b3 Re8 11. a4 Bf8 12. a5 e4 13. Ng5 d5 14. c5 g6 15. e3 Bh6
16. h4 Nf8 17. Rfe1 b5 18. axb6 Qb7 19. Rxa7 Rxa7 20. bxa7 Qxa7 21. b4 Qd7 22.
b5 cxb5 23. Qb3 b4 24. Qxb4 Bxg5 25. hxg5 Ng4 26. Ra1 Qf5 27. Be1 Ne6 28. Nb5
Qxg5 29. Nd6 Rf8 30. Ra8 Qh5 31. Rxc8 Rxc8 32. Nxc8 Ng5 33. Ne7+ Kg7 34. Qb8
Nf3+ 35. Kf1 Ngh2+ 36. Ke2 Nxd4+ 37. Kd2 Qe2+ 0-1

[Event "Obert Figueres Miquel Mas 2010"]
[Site "Figueres ESP"]
[Date "2010.08.12"]
[Round "2.5"]
[White "Campos Moreno, Javier B"]
[Black "Parals Marce, Luis"]
[Result "1/2-1/2"]
[WhiteElo "2484"]
[BlackElo "2058"]
[PlyCount "61"]
[EventDate "2011.08.11"]
[EventType "swiss"]
[EventRounds "9"]
[EventCountry "ESP"]
[Source "lmi"]
[SourceDate "2010.08.11"]

1. d4 d5 2. c4 e6 3. Nc3 Nf6 4. Bg5 Be7 5. e3 h6 6. Bh4 O-O 7. Nf3 b6 8. Bd3
Bb7 9. O-O Nbd7 10. Qe2 Ne4 11. Bg3 Nxg3 12. hxg3 Nf6 13. Rfd1 Bb4 14. Rac1 Qe7
15. cxd5 exd5 16. Nh4 Bc8 17. Nb5 c5 18. a3 Ba5 19. dxc5 bxc5 20. Qc2 Bb6 21.
Re1 Bd7 22. Nc3 Rfe8 23. Nf3 Rac8 24. Na4 c4 25. Bf5 Bxf5 26. Qxf5 Qe6 27. Qxe6
fxe6 28. Nxb6 axb6 29. Ne5 Rcd8 30. Red1 Nd7 31. Nxd7 1/2-1/2

[Event "Obert Figueres Miquel Mas 2010"]
[Site "Figueres ESP"]
[Date "2010.08.12"]
[Round "2.6"]
[White "Prats Rodriguez, Juan Bosco"]
[Black "Huerga Leache, Mikel"]
[Result "0-1"]
[WhiteElo "2106"]
[BlackElo "2424"]
[PlyCount "54"]
[EventDate "2011.08.11"]
[EventType "swiss"]
[EventRounds "9"]
[EventCountry "ESP"]
[Source "lmi"]
[SourceDate "2010.08.11"]

1. e4 c5 2. Nc3 a6 3. g3 b5 4. Bg2 Bb7 5. d3 e6 6. f4 d5 7. Qe2 dxe4 8. dxe4
Nc6 9. Nf3 Nd4 10. Nxd4 cxd4 11. Nd1 Rc8 12. O-O Nf6 13. f5 Qb6 14. Nf2 e5 15.
Bg5 Qc6 16. Rfc1 h6 17. Bd2 Qb6 18. Kh1 Bd6 19. c3 dxc3 20. Rxc3 O-O 21. Ng4
Bc5 22. Rxc5 Rxc5 23. Be3 Rfc8 24. Nxe5 Rc2 25. Qxc2 Qxe3 26. Qd1 Bxe4 27. Nf3
Ng4 0-1

[Event "Obert Figueres Miquel Mas 2010"]
[Site "Figueres ESP"]
[Date "2010.08.12"]
[Round "2.7"]
[White "Barria Zuniga, Daniel"]
[Black "Triadu Cassa, Jordi"]
[Result "1/2-1/2"]
[WhiteElo "2419"]
[BlackElo "2025"]
[PlyCount "68"]
[EventDate "2011.08.11"]
[EventType "swiss"]
[EventRounds "9"]
[EventCountry "ESP"]
[Source "lmi"]
[SourceDate "2010.08.11"]

1. d4 d5 2. c4 c6 3. Nf3 Nf6 4. Nc3 dxc4 5. a4 Bf5 6. e3 e6 7. Bxc4 Bb4 8. O-O
O-O 9. Nh4 Bg4 10. f3 Bh5 11. g4 Nd5 12. Ng2 Bg6 13. Ne2 c5 14. e4 Nb6 15. Bb3
cxd4 16. Nxd4 Qe7 17. Be3 Na6 18. Qe2 Nc5 19. Qb5 Nxb3 20. Nxb3 f5 21. a5 Be8
22. Qe2 Nd7 23. a6 b6 24. exf5 exf5 25. Nd4 Bg6 26. gxf5 Bf7 27. Rfd1 Bc5 28.
Nc6 Qf6 29. Qb5 Bxe3+ 30. Nxe3 Nc5 31. Nd4 Rad8 32. Nc6 Ra8 33. Nd4 Rad8 34.
Nc6 Ra8 1/2-1/2

[Event "Obert Figueres Miquel Mas 2010"]
[Site "Figueres ESP"]
[Date "2010.08.12"]
[Round "2.8"]
[White "Falgueras Marti, Carles"]
[Black "Anikaev, Yuri N"]
[Result "0-1"]
[WhiteElo "2038"]
[BlackElo "2411"]
[PlyCount "56"]
[EventDate "2011.08.11"]
[EventType "swiss"]
[EventRounds "9"]
[EventCountry "ESP"]
[Source "lmi"]
[SourceDate "2010.08.11"]

1. e4 c5 2. Nf3 e6 3. c3 Nf6 4. d3 Nc6 5. Bg5 Be7 6. Be2 O-O 7. O-O b6 8. Na3
d6 9. Rc1 Bb7 10. Re1 h6 11. Bh4 Nh5 12. Bxe7 Qxe7 13. d4 cxd4 14. Nxd4 Nf6 15.
Nxc6 Bxc6 16. Bf3 Rad8 17. Qe2 Nd7 18. Nb5 Ne5 19. Bh5 Bxb5 20. Qxb5 Qg5 21.
Qe2 d5 22. exd5 Rxd5 23. Rcd1 Rfd8 24. Rxd5 Rxd5 25. Rd1 g6 26. Bf3 Rxd1+ 27.
Qxd1 Nxf3+ 28. Kh1 Qd2 0-1

[Event "Obert Figueres Miquel Mas 2010"]
[Site "Figueres ESP"]
[Date "2010.08.12"]
[Round "2.9"]
[White "Colls Bosch, Emili"]
[Black "Vehi Bach, Victor Manuel"]
[Result "1/2-1/2"]
[WhiteElo "2010"]
[BlackElo "2405"]
[PlyCount "86"]
[EventDate "2011.08.11"]
[EventType "swiss"]
[EventRounds "9"]
[EventCountry "ESP"]
[Source "lmi"]
[SourceDate "2010.08.11"]

1. e4 c5 2. Nf3 g6 3. d4 cxd4 4. Nxd4 Bg7 5. c4 Nc6 6. Be3 Nf6 7. Nc3 d6 8. Be2
O-O 9. O-O Bd7 10. Rc1 Nxd4 11. Bxd4 Bc6 12. f3 a5 13. Kh1 Nd7 14. Bxg7 Kxg7
15. Qd4+ f6 16. f4 b6 17. Bf3 Rc8 18. Bg4 Rb8 19. Bxd7 Qxd7 20. Rfd1 Qb7 21. a4
Rbd8 22. Rc2 e5 23. Qe3 Rfe8 24. Rf2 exf4 25. Qxf4 Qe7 26. h3 Qe5 27. Qxe5 Rxe5
28. Rfd2 Re6 29. b3 Kf7 30. Nb5 Bxb5 31. cxb5 Rxe4 32. Rxd6 Re1+ 33. Rxe1 Rxd6
34. Rc1 Ke6 35. Rc4 Kd7 36. b4 axb4 37. Rxb4 f5 38. Rb1 Rd4 39. Rc1 Rxa4 40.
Rc6 Rb4 41. Rxb6 Kc7 42. Rc6+ Kd7 43. Rb6 Kc7 1/2-1/2

[Event "Obert Figueres Miquel Mas 2010"]
[Site "Figueres ESP"]
[Date "2010.08.12"]
[Round "2.10"]
[White "Carlstedt, Jonathan"]
[Black "Diaz Munoz, Sergi"]
[Result "1-0"]
[WhiteElo "2379"]
[BlackElo "2005"]
[PlyCount "83"]
[EventDate "2011.08.11"]
[EventType "swiss"]
[EventRounds "9"]
[EventCountry "ESP"]
[Source "lmi"]
[SourceDate "2010.08.11"]

1. c4 f5 2. g3 Nf6 3. Bg2 g6 4. Nc3 Bg7 5. e3 O-O 6. Nge2 e5 7. d3 Nc6 8. O-O
d6 9. Rb1 a5 10. a3 Kh8 11. f4 Qe7 12. b4 axb4 13. axb4 Be6 14. Nd5 Qf7 15.
Nec3 Bxd5 16. Nxd5 Nxd5 17. Bxd5 Qe7 18. b5 Nd8 19. Bg2 Rb8 20. Ba3 b6 21. Qc2
Ne6 22. Rbe1 Qf6 23. Bb2 g5 24. Kh1 Qh6 25. Bd5 Nc5 26. d4 Ne4 27. Bxe4 fxe4
28. dxe5 dxe5 29. Qxe4 gxf4 30. exf4 exf4 31. Bxg7+ Qxg7 32. Rxf4 Rxf4 33. Qxf4
Rf8 34. Qe4 Qf7 35. Qe5+ Kg8 36. Qe6 Kg7 37. Qxf7+ Rxf7 38. Kg2 Rd7 39. Rf1 c6
40. Rf5 Rd4 41. c5 Kg6 42. bxc6 1-0

[Event "Obert Figueres Miquel Mas 2010"]
[Site "Figueres ESP"]
[Date "2010.08.12"]
[Round "2.11"]
[White "Alonso Jimenez, Joan"]
[Black "Sorbe, Stephane"]
[Result "0-1"]
[WhiteElo "1992"]
[BlackElo "2358"]
[PlyCount "96"]
[EventDate "2011.08.11"]
[EventType "swiss"]
[EventRounds "9"]
[EventCountry "ESP"]
[Source "lmi"]
[SourceDate "2010.08.11"]

1. Nf3 Nf6 2. b3 d5 3. Bb2 c5 4. e3 Nc6 5. Be2 Qc7 6. d4 Bf5 7. O-O e6 8. Nbd2
cxd4 9. exd4 Bd6 10. c4 O-O 11. a3 Rfe8 12. Rc1 Qb8 13. cxd5 exd5 14. Bb5 Bd7
15. Bxc6 Bxc6 16. Ne5 Bb5 17. Re1 a5 18. Qf3 a4 19. b4 Re7 20. h3 Qe8 21. Re3
Rc8 22. Rcc3 Rxc3 23. Bxc3 Qc8 24. g4 h6 25. Qf4 Rc7 26. Qg3 Ne4 27. Nxe4 dxe4
28. f4 exf3 29. Qxf3 Bxe5 30. dxe5 Qe6 31. Qf5 Qb6 32. Qf2 Rd7 33. Re1 Qe6 34.
Qc5 Rd5 35. Qf2 Rd3 36. Re3 Rd8 37. Qf5 Qb6 38. Qf2 Qc6 39. Qf3 Qc4 40. Be1 Bc6
41. Qg3 Rd1 42. e6 fxe6 43. Qe5 Bd5 44. Kf2 Qa2+ 45. Re2 Qb1 46. Bc3 Rf1+ 47.
Ke3 Rf3+ 48. Kd4 Qd3+ 0-1

[Event "Obert Figueres Miquel Mas 2010"]
[Site "Figueres ESP"]
[Date "2010.08.12"]
[Round "2.12"]
[White "Lazaro Porta, Angel"]
[Black "Cuadras Avellana, Jorge"]
[Result "1/2-1/2"]
[WhiteElo "1974"]
[BlackElo "2305"]
[PlyCount "98"]
[EventDate "2011.08.11"]
[EventType "swiss"]
[EventRounds "9"]
[EventCountry "ESP"]
[Source "lmi"]
[SourceDate "2010.08.11"]

1. c4 Nf6 2. Nf3 b6 3. Nc3 Bb7 4. Qc2 c5 5. e4 Nc6 6. d3 e6 7. Bg5 Be7 8. Be2
O-O 9. O-O a6 10. a3 Rc8 11. Rfe1 h6 12. Bh4 Nh5 13. Bxe7 Nxe7 14. g3 Ng6 15.
Qd2 f5 16. Nh4 Nxh4 17. Bxh5 fxe4 18. Nxe4 Nf5 19. Rab1 d5 20. cxd5 exd5 21.
Nc3 Qf6 22. Qf4 c4 23. Re5 cxd3 24. Nxd5 Bxd5 25. Rxd5 Rcd8 26. Qc4 Qe6 27. Rc5
Qxc4 28. Rxc4 Rd6 29. Rd1 d2 30. Rc2 Rfd8 31. Kg2 b5 32. Bg4 Ne7 33. Bf3 Kf7
34. Be4 Ke6 35. f3 Ng8 36. Rc6 Nf6 37. Rxd6+ Rxd6 38. Kf2 Nxe4+ 39. fxe4 Ke5
40. Ke3 h5 41. Rxd2 Rxd2 42. Kxd2 Kxe4 43. Ke2 a5 44. b3 g5 45. h3 g4 46. h4 b4
47. a4 Kd4 48. Kd2 Ke4 49. Ke2 Kd4 1/2-1/2

[Event "Obert Figueres Miquel Mas 2010"]
[Site "Figueres ESP"]
[Date "2010.08.12"]
[Round "2.13"]
[White "Adrian, Claude"]
[Black "Balague Camps, Marc"]
[Result "0-1"]
[WhiteElo "2292"]
[BlackElo "1964"]
[PlyCount "62"]
[EventDate "2011.08.11"]
[EventType "swiss"]
[EventRounds "9"]
[EventCountry "ESP"]
[Source "lmi"]
[SourceDate "2010.08.11"]

1. c4 e5 2. g3 Nf6 3. Bg2 c6 4. Nf3 e4 5. Nd4 d5 6. cxd5 Qxd5 7. Nc2 Qh5 8. Nc3
Bh3 9. Ne3 Bxg2 10. Nxg2 Be7 11. Qc2 Qe5 12. b3 Na6 13. Bb2 O-O 14. Nd1 Nb4 15.
Qc1 Qc7 16. Nde3 Qd7 17. O-O Nbd5 18. Rd1 Rad8 19. d3 Nxe3 20. Qxe3 b6 21. Rac1
Rfe8 22. Rc4 Bc5 23. Qg5 h6 24. Qh4 Ng4 25. e3 Qf5 26. Rf1 Rxd3 27. h3 Nxf2 28.
Kh2 Rd2 29. Bc3 Rxa2 30. b4 Qf3 31. Rg1 Bxe3 0-1

[Event "Obert Figueres Miquel Mas 2010"]
[Site "Figueres ESP"]
[Date "2010.08.12"]
[Round "2.14"]
[White "Vinardell Cruanas, Sergi"]
[Black "Spielmann, Alain"]
[Result "1/2-1/2"]
[WhiteElo "1955"]
[BlackElo "2286"]
[PlyCount "54"]
[EventDate "2011.08.11"]
[EventType "swiss"]
[EventRounds "9"]
[EventCountry "ESP"]
[Source "lmi"]
[SourceDate "2010.08.11"]

1. e4 d6 2. d4 Nf6 3. Nf3 g6 4. Be3 c6 5. Qd2 b5 6. Bd3 Nbd7 7. Nc3 e5 8. dxe5
dxe5 9. h3 Bb7 10. O-O Bg7 11. a4 a6 12. Ne2 Qe7 13. Ng3 Nc5 14. a5 Rd8 15. Qc3
Nxd3 16. cxd3 Nd7 17. Rac1 O-O 18. b4 f5 19. exf5 gxf5 20. Bg5 Bf6 21. Nxf5 Qe6
22. Nh6+ Kh8 23. Bxf6+ Rxf6 24. Ng5 Qe7 25. Ng4 Rf4 26. Ne4 h5 27. Ne3 Rg8
1/2-1/2

[Event "Obert Figueres Miquel Mas 2010"]
[Site "Figueres ESP"]
[Date "2010.08.12"]
[Round "2.15"]
[White "Lillo Castay, Victor"]
[Black "Sola, Flavien"]
[Result "1-0"]
[WhiteElo "2284"]
[BlackElo "1954"]
[PlyCount "49"]
[EventDate "2011.08.11"]
[EventType "swiss"]
[EventRounds "9"]
[EventCountry "ESP"]
[Source "lmi"]
[SourceDate "2010.08.11"]

1. e4 e5 2. Nf3 Nc6 3. d4 exd4 4. Nxd4 Bc5 5. Be3 Qf6 6. c3 Nge7 7. Bc4 Ne5 8.
Be2 Qg6 9. O-O O-O 10. Nd2 d5 11. f3 Bb6 12. Kh1 dxe4 13. Nxe4 Rd8 14. Qb3 h6
15. Rad1 Nd5 16. Bc1 c5 17. Nb5 Be6 18. c4 Ne7 19. Be3 Nd7 20. Nbd6 f5 21. Nc3
Bd5 22. cxd5 Qxd6 23. Nb5 Qe5 24. d6+ c4 25. Bxc4+ 1-0

[Event "Obert Figueres Miquel Mas 2010"]
[Site "Figueres ESP"]
[Date "2010.08.12"]
[Round "2.18"]
[White "Diaz Comas, Jordi"]
[Black "Sabria Batlle, Pol"]
[Result "1/2-1/2"]
[WhiteElo "1918"]
[BlackElo "2211"]
[PlyCount "132"]
[EventDate "2011.08.11"]
[EventType "swiss"]
[EventRounds "9"]
[EventCountry "ESP"]
[Source "lmi"]
[SourceDate "2010.08.11"]

1. d4 Nf6 2. c4 e6 3. Nc3 Bb4 4. e3 O-O 5. Nge2 Re8 6. a3 Bf8 7. Ng3 d5 8. cxd5
exd5 9. Bd3 a5 10. O-O c6 11. Qc2 g6 12. Bd2 Na6 13. f3 Nc7 14. Rae1 Ne6 15.
Bc1 b6 16. Qf2 c5 17. Kh1 Ba6 18. Bb5 Bxb5 19. Nxb5 Bg7 20. Ne2 Rc8 21. Rd1 Qe7
22. Rfe1 Nc7 23. Nec3 Nxb5 24. Nxb5 Red8 25. Qh4 Qd7 26. a4 cxd4 27. exd4 Re8
28. Bg5 Rc6 29. Rc1 h5 30. Rxc6 Rxe1+ 31. Qxe1 Qxc6 32. Qc1 Qxc1+ 33. Bxc1 Kf8
34. Kg1 Ke8 35. Kf1 Kd7 36. Ke2 Ne8 37. Bf4 Bf8 38. Kd3 f6 39. Bg3 Be7 40. Bf4
Ng7 41. Bc7 Kc6 42. g4 Ne6 43. Bg3 f5 44. gxf5 gxf5 45. Be5 f4 46. Na7+ Kd7 47.
Nb5 h4 48. Nc3 Kc6 49. Ne2 Bd6 50. Bf6 Bf8 51. Bxh4 Bg7 52. Bf2 b5 53. b3 b4
54. h4 Bf6 55. Kd2 Kd6 56. Ke1 Ke7 57. Kf1 Kf7 58. Kg2 Kg6 59. Kh3 Kh5 60. Kg2
Bxh4 61. Bxh4 Kxh4 62. Kh2 Kg5 63. Kh3 Kf5 64. Kg2 Ng5 65. Nc1 Ne4 66. Nd3 Nd2
1/2-1/2

[Event "Obert Figueres Miquel Mas 2010"]
[Site "Figueres ESP"]
[Date "2010.08.12"]
[Round "2.20"]
[White "Perez Lopez, Alfonso"]
[Black "Lasinskas, Povilas"]
[Result "1-0"]
[WhiteElo "1905"]
[BlackElo "2180"]
[PlyCount "87"]
[EventDate "2011.08.11"]
[EventType "swiss"]
[EventRounds "9"]
[EventCountry "ESP"]
[Source "lmi"]
[SourceDate "2010.08.11"]

1. c4 e5 2. Nc3 Nc6 3. g3 g6 4. Bg2 Bg7 5. Nf3 Nge7 6. O-O d6 7. d3 O-O 8. Bd2
h6 9. Rb1 Be6 10. b4 Qd7 11. b5 Nd8 12. Nh4 g5 13. Nf3 f5 14. Qc1 Nf7 15. h4 g4
16. Nh2 c6 17. bxc6 bxc6 18. Qc2 f4 19. Rb4 fxg3 20. fxg3 Nf5 21. Ne4 d5 22.
Nc5 Qd6 23. Nxe6 Qxe6 24. cxd5 cxd5 25. Bxd5 Qxd5 26. Rxf5 Rac8 27. Rc4 Rxc4
28. Qxc4 Qxc4 29. dxc4 Rc8 30. Nxg4 Rxc4 31. Nf6+ Kh8 32. Ne8 Kg8 33. Rxf7 Bf8
34. Rd7 Bc5+ 35. Kg2 Rc2 36. Kf3 Kf8 37. Nf6 Be7 38. Ng4 Ke8 39. Rd5 h5 40. Ne3
Rxa2 41. Bc3 Ra3 42. Bxe5 a5 43. Bd6 Ra1 44. Re5 1-0

[Event "Obert Figueres Miquel Mas 2010"]
[Site "Figueres ESP"]
[Date "2010.08.12"]
[Round "2.21"]
[White "Ruiz Font, Elisabet"]
[Black "Vilar Lopez, Monica"]
[Result "0-1"]
[WhiteElo "1899"]
[BlackElo "2166"]
[PlyCount "72"]
[EventDate "2011.08.11"]
[EventType "swiss"]
[EventRounds "9"]
[EventCountry "ESP"]
[Source "lmi"]
[SourceDate "2010.08.11"]

1. e4 e6 2. d4 d5 3. Bd3 Nc6 4. c3 dxe4 5. Bxe4 Nf6 6. Bf3 Be7 7. Be3 O-O 8.
Ne2 Nd5 9. Bxd5 Qxd5 10. O-O b6 11. Nf4 Qd8 12. Nd2 Bb7 13. Qg4 f5 14. Qd1 Rf6
15. Nf3 Bd6 16. Re1 e5 17. Qb3+ Kh8 18. dxe5 Nxe5 19. Nxe5 Bxe5 20. Rad1 Rd6
21. Rxd6 Qxd6 22. Rd1 Qh6 23. Nh3 Qg6 24. Ng5 h6 25. Nf7+ Kh7 26. g3 Qc6 27.
Kf1 Qh1+ 28. Ke2 Bf3+ 29. Kd2 Qxd1+ 30. Qxd1 Bxd1 31. Kxd1 Bf6 32. f4 Re8 33.
Bd4 c5 34. Bxf6 gxf6 35. Kc2 Re2+ 36. Kb3 Rd2 0-1

[Event "Obert Figueres Miquel Mas 2010"]
[Site "Figueres ESP"]
[Date "2010.08.12"]
[Round "2.23"]
[White "Cros Figueras, Eugeni"]
[Black "Sorroche Martin, Jose Maria"]
[Result "0-1"]
[WhiteElo "1890"]
[BlackElo "2147"]
[PlyCount "78"]
[EventDate "2011.08.11"]
[EventType "swiss"]
[EventRounds "9"]
[EventCountry "ESP"]
[Source "lmi"]
[SourceDate "2010.08.11"]

1. e4 c6 2. d4 d5 3. exd5 cxd5 4. Nf3 Nc6 5. Bd3 Bg4 6. c3 Qc7 7. O-O e6 8.
Nbd2 Bd6 9. c4 Bxh2+ 10. Kh1 Bf4 11. cxd5 exd5 12. Re1+ Nge7 13. Qc2 Bh5 14.
Ne5 Bg6 15. Ndf3 Bxd3 16. Qxd3 Bxe5 17. Nxe5 Nxe5 18. Rxe5 O-O 19. Bd2 Qd7 20.
Qf3 f6 21. Re2 Nf5 22. Qg4 g6 23. Bc3 Rfe8 24. Rae1 Rxe2 25. Qxe2 Kf7 26. Qf3
h5 27. a3 Re8 28. Rxe8 Kxe8 29. Qe2+ Kf7 30. Qd3 Nd6 31. Qe3 Nf5 32. Qd3 g5 33.
Kg1 g4 34. Qe2 a6 35. Qd1 Kg6 36. Qd3 Qe6 37. Bd2 Qe4 38. Qb3 g3 39. fxg3 Qxd4+
0-1

[Event "Obert Figueres Miquel Mas 2010"]
[Site "Figueres ESP"]
[Date "2010.08.12"]
[Round "2.26"]
[White "Febrero Perez, Lluis"]
[Black "Vinas Serra, Jaume"]
[Result "0-1"]
[WhiteElo "1568"]
[BlackElo "1878"]
[PlyCount "69"]
[EventDate "2011.08.11"]
[EventType "swiss"]
[EventRounds "9"]
[EventCountry "ESP"]
[Source "lmi"]
[SourceDate "2010.08.11"]

1. e4 Nf6 2. Nc3 d5 3. exd5 Nxd5 4. Nxd5 Qxd5 5. Nf3 Bg4 6. Be2 e6 7. h3 Bh5 8.
O-O Be7 9. c4 Qd8 10. d4 c6 11. b3 Nd7 12. Bb2 Bf6 13. Rb1 O-O 14. g4 Bg6 15.
Bd3 Bxd3 16. Qxd3 Ne5 17. Nxe5 Bxe5 18. Rfe1 Bc7 19. Qf3 Qg5 20. Kf1 Rad8 21.
Rbd1 Rd7 22. Bc1 Qa5 23. Re2 Rfd8 24. Qe4 Qc3 25. Re3 Rxd4 26. Rxc3 Rxe4 27.
Rxd8+ Bxd8 28. Rd3 Bb6 29. Rd7 h5 30. f3 Rd4 31. Rxd4 Bxd4 32. Ke2 hxg4 33.
hxg4 g6 34. Kd3 Bc5 35. Ke4 0-1

[Event "Obert Figueres Miquel Mas 2010"]
[Site "Figueres ESP"]
[Date "2010.08.12"]
[Round "2.27"]
[White "Buch Prades, Joan"]
[Black "Idoate Arrazurria, Ricardo"]
[Result "1-0"]
[WhiteElo "1877"]
[BlackElo "1599"]
[PlyCount "95"]
[EventDate "2011.08.11"]
[EventType "swiss"]
[EventRounds "9"]
[EventCountry "ESP"]
[Source "lmi"]
[SourceDate "2010.08.11"]

1. e4 e5 2. Nf3 Nc6 3. Bc4 Na5 4. Nxe5 Nxc4 5. Nxc4 Qe7 6. Nc3 c6 7. e5 Qe6 8.
Qe2 b5 9. Nd6+ Bxd6 10. exd6 Qxe2+ 11. Nxe2 Nf6 12. d3 O-O 13. O-O Re8 14. Ng3
g6 15. c4 bxc4 16. dxc4 Ba6 17. b3 Re6 18. Rd1 Ne4 19. Nxe4 Rxe4 20. Be3 Bb7
21. Rd4 Re6 22. b4 a6 23. Rb1 f6 24. a4 Kf7 25. h4 h5 26. Kf1 Rae8 27. Re1 Re5
28. Rdd1 R8e6 29. Bc5 a5 30. Rxe5 Rxe5 31. Re1 axb4 32. Rxe5 fxe5 33. Ke2 b3
34. Ba3 Ke6 35. Kd2 Ba6 36. c5 Kd5 37. Kc3 Bc4 38. Kb4 e4 39. g3 Kd4 40. Bb2+
Kd3 41. Be5 Bd5 42. Ka5 Kc4 43. Kb6 Kb4 44. a5 Bc4 45. Kc7 Kxa5 46. Kxd7 Be2
47. Kxc6 Bb5+ 48. Kc7 1-0